000
00328 a2200109 4500
001
ART_30538
005
20260410162002.0
008
260409a
245
1
0
_a
Teorías económicas y convertibilidad
100
1
_a
Emmerich, Gustavo Ernesto
773
0
_t
Foro económico
_g
- Año II, Nº 3 (nov. 1996)
_w
REV30369
999
_c
31409
_d
31409